00629nam a22001937a 4500003000900000005001700009008004100026040003300067041000800100080001200108100004000120245006300160260004500223300003300268650001200301942000700313952009600320999001900416LK-CoDNM20250122152428.0250121b |||||||| |||| 00| 0 eng d aLK-CoDNMdLK-CoDNMeLK-CoDNM aeng a9bFF34 aEames, F.EvBanner, F.T. And others aFundamentals of Mid - Tertiary Stratigraphical Correlation bAt the university pressc1962aCambridge avii, 163p. : ill ; 28 cm aScience cBK 001041708SCIaMAINbMAINcREFd2025-01-22l0o9 FF34pOS2047r2025-01-22w2025-01-22yBK c237266d237266